000 00577nai a2200181Ia 4500
003 IN-BaIIA
008 211028c9999 xx s 000 0 eng d
022 _a0960-7412 (Print)
022 _a1365-313X (Online)
040 _cIIA Library
245 4 _aThe Plant Journal
_h[eJournal]
260 _aNew Jersey
_bJohn Wiley & Sons
310 _aBimonthly
362 _a1(1); 1991 - Present
521 _bSubscribed through National Knowledge Resource Consortium (NKRC)
856 _uhttps://onlinelibrary.wiley.com/journal/1365313x
_yClick Here to Access eJournal
942 _cEJ
999 _c35795
_d35795